[Event "Cali op-C"]
[Site "Cali"]
[Date "2008.12.28"]
[Round "6"]
[White "Lopez, Luis Alberto"]
[Black "Suarez, Alexander"]
[Result "0-1"]
[WhiteElo "1600"]
[BlackElo "1736"]
[PlyCount "104"]
[EventDate "2008.12.26"]
[EventType "swiss"]
[EventRounds "9"]
[EventCountry "COL"]
[SourceTitle "EXT 2011"]
[Source "ChessBase"]
[SourceDate "2010.11.26"]
[SourceVersion "1"]
[SourceVersionDate "2010.11.26"]
[SourceQuality "1"]

1. e4 g6 2. Nf3 d6 3. Bc4 Bg7 4. d4 a6 5. c3 e6 6. Bg5 Ne7 7. Nbd2 b5 8. Bb3 Bb7 9. Bh4 Nd7 10. Ng5 d5 11. e5 0-0 12. Nh3 c5 13. f4 Qe8 14. 0-0 Nf5 15. Bf2 cxd4 16. cxd4 Nb6 17. Bc2 Nc4 18. Bxf5 exf5 19. b3 Nxd2 20. Qxd2 Qd7 21. Ng5 a5 22. Rac1 Rfc8 23. Nf3 Bf8 24. Rxc8 Qxc8 25. Rc1 Qd7 26. Qb2 Rc8 27. a3 Rxc1+ 28. Qxc1 Qc6 29. Qxc6 Bxc6 30. Be1 Bxa3 31. Bxa5 Kf8 32. Kf2 h6 33. b4 Bc1 34. g3 g5 35. fxg5 hxg5 36. Ne1 f4 37. g4 Be3+ 38. Ke2 Bxd4 39. Nf3 Bb2 40. Nxg5 Bxe5 41. Bb6 Bd7 42. Bc5+ Kg7 43. h3 f6 44. Nf3 Kf7 45. Bd4 Ke6 46. Bxe5 fxe5 47. g5 e4 48. Nh2 Kf5 49. h4 d4 50. Kf2 d3 51. Ke1 Be8 52. Kd2 Bh5 0-1